| 000 | 00648cam a22002173a 4500 | ||
|---|---|---|---|
| 001 | 39196 | ||
| 003 | PGUSA | ||
| 005 | 20140828083854.0 | ||
| 008 | 120318s2012||||xxu|||||s|||||000 | eng d | ||
| 040 |
_aPGUSA _beng |
||
| 042 | _adc | ||
| 100 | 1 | _aFindlay, G. G. | |
| 245 | 1 | 4 |
_aThe Expositor's Bible : _bEphesians _h[electronic resource] / _cG. G. Findlay |
| 260 |
_bProject Gutenberg, _c2012 |
||
| 506 | _aPublic domain in the USA. | ||
| 516 | _aElectronic text | ||
| 700 | 1 |
_aNicoll, W. Robertson, _cSir _q(William Robertson), _d1851-1923 |
|
| 830 | 0 |
_aProject Gutenberg _v39196 |
|
| 856 | 4 | 0 | _uhttp://www.gutenberg.org/ebooks/39196 |
| 942 | _cEB | ||
| 999 |
_c268449 _d268449 |
||